| 000 | nam a22 7a 4500 | ||
|---|---|---|---|
| 999 |
_c336767 _d336767 |
||
| 003 | IT-MiCISF | ||
| 005 | 20170908163914.0 | ||
| 008 | 170908b xxu||||| |||| 00| 0 eng d | ||
| 040 | _cIT-MiCISF | ||
| 041 | _ait | ||
| 100 |
_aBourcier Sylvie _956569 |
||
| 245 |
_aIl grande mondo dei piccoli _bI bambini da 0 a 5 anni |
||
| 260 |
_aCinisello B. (MI) _bSan Paolo _c2009 |
||
| 300 | _app. 183 | ||
| 500 | _abambini, educazione-bambini, figli-piccoli, famiglia, comportamento, scuola | ||
| 520 | _aIl bambino e la sua famiglia; le emozioni e i comportamenti; il rapporto tra famiglia e asilo; i rapporti con l'ambiente e le persone dell'asilo; le preoccupazioni della prima infanzia, tra le quali l'ingresso alla scuola materna: sono questi i temi toccati da questo manuale pratico e chiaro, rivolto a genitori e educatori. Un libro che aiuta l'adulto a comprendere il grande mondo dei piccoli e ciò che ne fa parte: gli "oggetti transizionali" (coperta preferita, bambola, ciuccio, ecc.), la gelosia, l'assenza del padre, i bambini e il loro rapporto con anziani e malati, il "broncio" e la rabbia, la paura dello sporco, il possesso e la generosità, il rapporto di collaborazione educativa genitore/insegnante della scuola, i rapporti e le gerarchie nel gruppo dei bambini della scuola materna, la violenza fisica sui minori, le punizioni, i diritti dei bambini, la gestione dei sentimenti di collera dei genitori nella loro relazione con figli. | ||
| 650 |
_aetà-evolutiva _956123 |
||
| 654 | _asaggio | ||
| 942 |
_2ddc _cBK |
||